00266 a2200121 4500001000700000040003500007100002500042240002900067245002400096300000700120362000900127440000800136149690 cEscola São Tomás de Aquino aTIMÒTIO, Vanderlei10aO domador de nuvenslpor10aO domador de nuvens a320 a1989 1aRHJ